[Event "35th European Club Cup 2019"]
[Site "Ulcinj"]
[Date "2019.11.15"]
[Round "6.22"]
[White "Umudova, Nargiz"]
[Black "Vogt, Lothar"]
[Result "1/2-1/2"]
[WhiteElo "2270"]
[BlackElo "2351"]
[Annotator "NA"]
[PlyCount "60"]
[EventDate "2019.11.10"]
[EventType "team-tourn"]
[EventCountry "MNE"]
[SourceTitle "playchess.com"]
[Source "ChessBase"]
[SourceQuality "1"]
[WhiteTeam "Echiquier Mosan"]
[BlackTeam "Zurich SG"]
[TimeControl "40/5400+30:1800+30"]

1. e4 {[%emt 0:00:00]} c5 {[%emt 0:00:00]} 2. Nf3 {[%emt 0:00:00]} e6 {[%emt 0:00:00]} 3. d4 {[%emt 0:00:41]} cxd4 {[%emt 0:00:00]} 4. Nxd4 {[%emt 0:00:03]} Nf6 {[%emt 0:00:00]} 5. Bd3 {[%emt 0:00:22]} d6 {[%emt 0:00:51]} 6. c4 {[%emt 0:03:07]} Be7 {[%emt 0:01:03]} 7. Nc3 {[%emt 0:01:15]} O-O {[%emt 0:00:46]} 8. O-O {[%emt 0:00:12]} b6 {[%emt 0:01:21]} 9. Be3 {[%emt 0:07:47]} Bb7 {[%emt 0:00:10]} 10. Qe2 Nbd7 11. f3 {[%emt 0:07:26]} Qc7 {[%emt 0:04:31]} 12. Rac1 {[%emt 0:04:33]} a6 {[%emt 0:02:11]} 13. Qf2 {[%emt 0:05:17]} Rfe8 {[%emt 0:04:07]} 14. b4 {[%emt 0:02:26]} Rac8 {[%emt 0:13:49]} 15. Na4 {[%emt 0:01:43]} Qb8 {[%emt 0:03:49]} 16. Nb3 {[%emt 0:04:08]} d5 {[%emt 0:00:46]} 17. exd5 {[%emt 0:19:55]} exd5 {[%emt 0:04:05]} 18. c5 {[%emt 0:00:30]} bxc5 19. bxc5 Ne5 {[%emt 0:09:49]} 20. Be2 {[%emt 0:07:56]} Nc6 {[%emt 0:06:45]} 21. Nd4 {[%emt 0:02:13]} Bd8 22. Rb1 {[%emt 0:12:38]} Qe5 {[%emt 0:22:20]} 23. Rxb7 {[%emt 0:02:02]} Qxe3 24. Qxe3 {[%emt 0:02:22]} Rxe3 {[%emt 0:00:07]} 25. Nxc6 {[%emt 0:02:32]} Rxc6 {[%emt 0:05:40]} 26. Rb8 Re8 {[%emt 0:02:38]} 27. Ra8 {[%emt 0:02:08]} Be7 28. Rxe8+ {[%emt 0:03:32]} Nxe8 {[%emt 0:00:32]} 29. Rb1 {[%emt 0:01:46]} f6 {[%emt 0:04:03]} 30. Kf1 {[%emt 0:00:51]} Rc7 {[%emt 0:05:11]} 1/2-1/2

[Event "35th European Club Cup 2019"]
[Site "Ulcinj"]
[Date "2019.11.15"]
[Round "6.22"]
[White "Kantorik, Marian"]
[Black "Csonka, Attila Istvan"]
[Result "1/2-1/2"]
[WhiteElo "2181"]
[BlackElo "2348"]
[Annotator "NA"]
[PlyCount "61"]
[EventDate "2019.11.10"]
[EventType "team-tourn"]
[EventCountry "MNE"]
[SourceTitle "playchess.com"]
[Source "ChessBase"]
[SourceQuality "1"]
[WhiteTeam "Inbest Dunajov"]
[BlackTeam "Dunajska Streda"]
[TimeControl "40/5400+30:1800+30"]

1. d4 {[%emt 0:00:00]} d5 {[%emt 0:00:00]} 2. c4 {[%emt 0:00:05]} Nc6 {[%emt 0:00:00]} 3. cxd5 {[%emt 0:01:12]} Qxd5 {[%emt 0:00:00]} 4. Nf3 {[%emt 0:00:44]} e5 {[%emt 0:00:39]} 5. Nc3 {[%emt 0:00:06]} Bb4 {[%emt 0:00:18]} 6. e3 {[%emt 0:00:04]} Nf6 {[%emt 0:09:58]} 7. Bd2 {[%emt 0:09:48]} Bxc3 {[%emt 0:02:33]} 8. Bxc3 {[%emt 0:04:14]} Ne4 {[%emt 0:06:16]} 9. Qb3 {[%emt 0:08:17]} Be6 {[%emt 0:03:54]} 10. Qxd5 {[%emt 0:06:06]} Bxd5 {[%emt 0:00:14]} 11. Bb5 {[%emt 0:01:15]} exd4 {[%emt 0:02:38]} 12. Bxd4 {[%emt 0:04:50]} f6 {[%emt 0:02:32]} 13. O-O {[%emt 0:04:25]} O-O-O {[%emt 0:02:44]} 14. Bxc6 {[%emt 0:05:18]} Bxc6 {[%emt 0:00:07]} 15. Rfd1 {[%emt 0:00:37]} Rd5 {[%emt 0:02:52]} 16. Rdc1 {[%emt 0:05:54]} a6 {[%emt 0:03:09]} 17. b3 {[%emt 0:01:42]} Rhd8 {[%emt 0:13:14]} 18. Rc2 {[%emt 0:08:51]} Ng5 {[%emt 0:15:40]} 19. Nxg5 {[%emt 0:10:32]} Rxg5 {[%emt 0:01:16]} 20. f4 {[%emt 0:00:06]} Rgd5 {[%emt 0:01:08]} 21. Rac1 {[%emt 0:00:20]} R5d7 {[%emt 0:02:09]} 22. Kf2 {[%emt 0:01:07]} Be4 {[%emt 0:01:38]} 23. Rc3 {[%emt 0:01:19]} Kb8 {[%emt 0:01:31]} 24. b4 {[%emt 0:02:01]} Bd5 {[%emt 0:04:00]} 25. a3 {[%emt 0:00:48]} Bc6 {[%emt 0:01:17]} 26. R1c2 {[%emt 0:04:02]} Be4 {[%emt 0:02:50]} 27. Rc1 {[%emt 0:00:16]} Bc6 {[%emt 0:00:08]} 28. R1c2 {[%emt 0:00:16]} Be4 {[%emt 0:00:51]} 29. Rc1 {[%emt 0:00:32]} Bc6 {[%emt 0:00:07]} 30. R1c2 {[%emt 0:00:12]} Be4 {[%emt 0:00:05]} 31. Rc1 1/2-1/2

[Event "35th European Club Cup 2019"]
[Site "Ulcinj"]
[Date "2019.11.15"]
[Round "6.23"]
[White "Suleymanli, Aydin"]
[Black "Sasikiran, Krishnan"]
[Result "1/2-1/2"]
[WhiteElo "2429"]
[BlackElo "2660"]
[Annotator "TA"]
[PlyCount "113"]
[EventDate "2019.11.10"]
[EventType "team-tourn"]
[EventCountry "MNE"]
[SourceTitle "playchess.com"]
[Source "ChessBase"]
[SourceQuality "1"]
[WhiteTeam "Vugar Gashimov"]
[BlackTeam "Novy Bor"]

{[%evp 13,113,-16,-16,-19,-11,-11,-8,-15,5,12,27,32,22,0,0,0,0,0,0,0,0,0,0,0,0,0,0,0,5,0,0,0,0,0,0,0,0,0,0,0,0,0,0,0,3,3,18,12,14,8,16,10,13,0,16,8,7,7,2,1,28,28,89,0,177,166,144,50,46,45,47,44,45,44,44,33,114,68,47,60,135,116,209,208,354,186,143,24,29,35,40,0,56,0,47,52,36,0,0,-53,-55,-110]} 1. d4 Nf6 2. c4 e6 3. Nc3 Bb4 4. e3 O-O 5. Nge2 d5 6. a3 Bd6 7. cxd5 exd5 8. Ng3 {E46: Nimzo-Indian: Rubinstein: 4 e3 0-0 5 Ne2 without early Bd3} Re8 9. Bd3 c6 (9... c5 10. dxc5 Bxc5 11. O-O Nc6 12. b4 Bb6 13. Nce2 d4 14. e4 Ne5 15. Bf4 Nfg4 16. h3 Nxd3 17. Qxd3 Ne5 18. Bxe5 Rxe5 19. f4 Re8 {1-0 (42) Nakamura,H (2787)-Topalov,V (2761) Paris 2016}) 10. O-O {The position is equal.} Bxg3 $146 ({Predecessor:} 10... Nbd7 11. Qc2 Nf8 12. Nce2 h5 13. h3 g6 14. Rd1 h4 15. Nf1 Kg7 {½-½ (39) Hari,M (2176)-Rakesh,K (2411) Bhubaneswar 2019}) 11. hxg3 Ne4 12. Qc2 {[%cal Rc3e4]} f5 13. g4 {White wants to play gxf5.} Qf6 14. gxf5 Bxf5 15. Nxe4 dxe4 16. Qb3+ Be6 17. Bc4 $1 Bxc4 18. Qxc4+ Qe6 19. Qxe6+ Rxe6 20. Bd2 Nd7 21. Rac1 Nf6 22. Rc5 a6 23. Rfc1 Nd5 24. b4 {[%cal Bb2b4,Bb4b5][%mdl 32]} Ne7 25. a4 b6 26. d5 {[%cal Rc5c6]} Rg6 27. R5c2 {[%cal Rd5c6]} cxd5 28. Kf1 Rf8 29. b5 a5 30. Rc7 Nf5 31. R1c6 Rf7 32. Rc8+ Rf8 33. R8c7 (33. Rxg6 {is interesting.} hxg6 34. Rc2 d4 35. Ke1 dxe3 36. Bxe3 Nxe3 37. fxe3 Rd8 38. Rc4) 33... Rf7 34. Rxf7 Kxf7 $11 {[%mdl 4096] Endgame KRB-KRN} 35. Rc7+ Ke8 36. Bc3 h5 (36... d4 $5 37. Bxd4 (37. exd4 e3 $11) 37... Nxd4 38. exd4 Kd8 $11) 37. Be5 Re6 (37... Rg5 $11) 38. Bf4 (38. Bxg7 $16 Re7 39. Rxe7+ Kxe7 40. Be5) 38... Re7 $2 (38... Kd8 $11) 39. Rc6 $18 Rb7 {[#]} 40. Re6+ ({White should play} 40. Rc7 $1 $16 {[%cal Rc7b7]} Rb8 41. Ke1) 40... Kf7 $14 41. Re5 Kf6 {next ...g5 is good for Black.} 42. Rxd5 g5 43. Bh2 h4 44. Rd8 Kf7 (44... Ke6 $14) 45. Ke2 g4 {And now ...g3 would win.} 46. Bf4 g3 (46... Ke6 $14) 47. fxg3 $16 hxg3 {[#]} (47... Nxg3+ $16 48. Ke1 Nf5) 48. Rc8 $1 $18 {[%cal Rc8c7] Rc7+ is the strong threat.} Ke6 (48... Ne7 {was called for.} 49. Rc4 Nd5) 49. Rc6+ (49. Rc7 $142 Rxc7 50. Bxc7) 49... Kd5 50. Bc7 (50. Ke1 $16) 50... Ne7 $11 51. Rc1 Nf5 52. Rc6 Ne7 53. Rc1 Nf5 54. Rc2 Ng7 $1 55. Rd2+ Kc4 $1 56. Rd4+ ({Better is} 56. Bxg3 $11 Kb3 57. Be5) 56... Kb3 $15 {aiming for ...Ne6.} 57. Be5 {Accuracy: White = 53%, Black = 53%.} 1/2-1/2

[Event "35th European Club Cup 2019"]
[Site "Ulcinj"]
[Date "2019.11.15"]
[Round "6.23"]
[White "Meszaros, Michal"]
[Black "Hanko, Pavol"]
[Result "1-0"]
[WhiteElo "2355"]
[BlackElo "2114"]
[Annotator "NA RC"]
[PlyCount "83"]
[EventDate "2019.11.10"]
[EventType "team-tourn"]
[EventCountry "MNE"]
[SourceTitle "playchess.com"]
[Source "ChessBase"]
[SourceQuality "1"]
[WhiteTeam "Dunajska Streda"]
[BlackTeam "Inbest Dunajov"]
[TimeControl "40/5400+30:1800+30"]

1. e4 {[%emt 0:00:00]} c5 {[%emt 0:00:00]} 2. Nf3 {[%emt 0:00:12]} e6 {[%emt 0:00:24]} 3. d4 {[%emt 0:00:06]} cxd4 {[%emt 0:00:07]} 4. Nxd4 {[%emt 0:00:07]} Nf6 5. Nc3 {[%emt 0:00:16]} d6 {[%emt 0:01:11]} 6. Be2 {[%emt 0:01:13]} Be7 {[%emt 0:00:44]} 7. O-O {[%emt 0:00:11]} Nc6 {[%emt 0:01:31]} 8. Be3 {[%emt 0:01:17]} a6 {[%emt 0:00:21]} 9. f4 {[%emt 0:00:46]} Qc7 {[%emt 0:00:26]} 10. a4 {[%emt 0:00:47]} O-O {[%emt 0:00:33]} 11. Kh1 {[%emt 0:00:13]} Re8 {[%emt 0:01:25]} 12. Bf3 {[%emt 0:00:13]} Rb8 {[%emt 0:01:07]} 13. Qd2 {[%emt 0:01:40]} Bf8 {[%emt 0:02:02]} 14. Rad1 {[%emt 0:02:24]} e5 {[%emt 0:01:41]} 15. Nxc6 {[%emt 0:13:38]} bxc6 {[%emt 0:03:45]} 16. b3 {[%emt 0:00:37]} a5 {[%emt 0:03:26]} 17. f5 {[%emt 0:06:33]} Ba6 {[%emt 0:04:54]} 18. Rg1 {[%emt 0:06:09]} d5 {[%emt 0:07:24]} 19. Bg5 {[%emt 0:23:21]} Bb4 {[%emt 0:27:44]} 20. Bxf6 {[%emt 0:06:50]} gxf6 {[%emt 0:00:11]} 21. exd5 {[%emt 0:18:40]} Rbd8 {[%emt 0:11:22]} 22. Qe3 {[%emt 0:02:36]} e4 {[%emt 0:03:50]} 23. Nxe4 {[%emt 0:00:45]} Kg7 {[%emt 0:05:19]} 24. dxc6 {[%emt 0:00:30]} Rxd1 {[%emt 0:01:29]} 25. Rxd1 Qxc6 {[%emt 0:00:13]} 26. Qd4 {[%emt 0:06:38]} Re5 {[%emt 0:03:06]} 27. Ng3 {[%emt 0:01:17]} Qe8 {[%emt 0:02:28]} 28. Nh5+ {[%emt 0:02:03]} Kf8 {[%emt 0:00:10]} 29. Nxf6 {[%emt 0:01:24]} Re1+ {[%emt 0:05:26]} 30. Rxe1 {[%emt 0:00:01]} Qxe1+ {[%emt 0:00:09]} 31. Qg1 {[%emt 0:00:01]} Qc3 {[%emt 0:00:11]} 32. Nxh7+ {[%emt 0:03:50]} Kg8 {[%emt 0:00:25]} 33. Ng5 {[%emt 0:00:41]} Qxc2 {[%emt 0:00:25]} 34. Bd5 {[%emt 0:00:54]} Qxf5 {[%emt 0:01:13]} 35. Bxf7+ {[%emt 0:00:21]} Kf8 {[%emt 0:00:14]} 36. h4 {[%emt 0:00:49]} Qg4 {[%emt 0:02:15]} 37. Qf2 {[%emt 0:00:47]} Qd1+ {[%emt 0:04:17]} 38. Kh2 {[%emt 0:00:01]} Qd6+ {[%emt 0:00:35]} 39. Qg3 {[%emt 0:01:05]} Qe7 {[%emt 0:01:21]} 40. Qf3 {[%emt 0:00:00]} Qc7+ {[%emt 0:00:00]} 41. Kh3 {[%emt 0:02:36]} Ke7 {[%emt 0:08:52]} 42. Qe4+ {[%emt 0:00:58]} 1-0

[Event "35th European Club Cup 2019"]
[Site "Ulcinj"]
[Date "2019.11.15"]
[Round "6.23"]
[White "Friedrich, Norbert"]
[Black "Noiroux, Kevin"]
[Result "1/2-1/2"]
[WhiteElo "2263"]
[BlackElo "2170"]
[Annotator "TA"]
[PlyCount "200"]
[EventDate "2019.11.10"]
[EventType "team-tourn"]
[EventCountry "MNE"]
[SourceTitle "playchess.com"]
[Source "ChessBase"]
[SourceQuality "1"]
[WhiteTeam "Zurich SG"]
[BlackTeam "Echiquier Mosan"]

{[%evp 14,200,57,50,68,60,79,80,89,89,87,91,93,83,82,56,70,38,87,71,76,-9,-16,-36,0,0,22,26,26,-33,-42,-27,-35,-28,-32,-50,-25,-22,0,0,-15,-12,0,-15,-8,-23,0,-48,-51,-47,0,0,0,0,0,0,0,0,0,0,0,0,0,0,0,0,0,0,0,0,0,0,0,0,0,0,0,0,0,0,0,0,0,0,0,0,0,0,0,0,0,0,0,0,0,0,0,0,0,0,0,0,0,0,0,0,0,0,0,0,0,0,0,0,0,0,0,0,0,0,0,0,0,0,0,0,0,0,0,0,0,0,0,0,0,0,0,0,0,0,0,0,0,0,0,0,0,0,0,0,0,0,0,0,0,0,0,0,0,0,0,0,0,0,0,0,0,0,13,20,71,71,71,71,71,71,71,0,71,71,71,71,71,71,71,0,71,0,71]} 1. e4 c5 2. Nf3 e6 3. d4 cxd4 4. Nxd4 a6 5. c4 Nf6 6. Nc3 d6 7. Be2 Be7 8. O-O Qc7 {B41: Sicilian: Kan Variation: 5 c4} 9. Be3 Nbd7 10. f4 (10. Rc1 b6 11. Qd2 Bb7 12. f3 O-O 13. Rfd1 Rac8 14. Bf1 Rfe8 15. Kh1 Qb8 16. b4 h5 17. b5 h4 18. bxa6 Bxa6 19. Ndb5 Ne5 20. Na4 h3 21. Nxb6 hxg2+ 22. Bxg2 Nxc4 23. Rxc4 Rxc4 24. Nxc4 Bxb5 {½-½ (81) Erdos,V (2603)-Moussard,J (2576) Biel 2019}) 10... Nc5 {White is better.} 11. Qc2 e5 $146 ({Predecessor:} 11... h5 12. Rae1 h4 13. Kh1 Ncd7 14. b3 b6 15. Bf3 Bb7 16. e5 Nh5 17. Bxh5 Rxh5 18. Nxe6 Qc6 {1-0 (18) Saenz Aguilar,C-Sanchez,J Alicante 1989}) 12. Nf5 Bxf5 13. exf5 Rc8 14. Rad1 Ncd7 {[%cal Bc5d7,Bd7e5,Be5c4,Bc4e3][%mdl 32]} 15. Rd2 O-O {[#]} 16. g4 $1 {[%cal Rg4g5] Black must now prevent g5.} exf4 17. Rxf4 ({White should try} 17. Bxf4 $16 Qc5+ 18. Kg2 Qc6+ 19. Kg3) 17... h6 $11 18. Rfd4 Ne5 19. Qd1 d5 (19... Rfe8 {is more complex.} 20. Bf2 Nc6 21. R4d3 Ne5 22. Rd4) 20. Nxd5 Nxd5 21. Rxd5 ({Better is} 21. cxd5 $11 Bc5 22. Re4) 21... Nxc4 $15 22. Rd7 Nxe3 23. Rxc7 Rxc7 24. Qb3 Bc5 25. Rd3 {With the idea Kh1.} Nxf5+ 26. Kf1 Nd4 27. Qd5 Nxe2 28. Kxe2 Re8+ 29. Kf1 b6 30. Qf3 Rce7 31. Qd1 Re6 32. Rd8 Rf6+ 33. Kg2 Rxd8 34. Qxd8+ $11 {[%mdl 4096] Endgame KQ-KRB} Kh7 35. Qd3+ g6 36. Qc3 Rf2+ 37. Kg3 a5 38. h4 Re2 {[#] aiming for ...Re3+.} 39. Qc4 Re6 40. a3 Kg8 41. b4 axb4 42. axb4 Bd6+ 43. Kf3 Be7 44. Kg3 Bf6 45. Qb5 Kg7 46. g5 Bd4 47. gxh6+ Kxh6 48. Qg5+ Kh7 49. Qd5 Bf6 50. Kg4 Kg7 51. Qb7 Rd6 52. b5 Bd4 53. Qe7 Rd5 54. Qe8 Rh5 55. Qc6 Bc5 56. Kg3 Re5 57. Kf4 Re6 58. Qd5 Re7 59. h5 Re6 60. hxg6 Rf6+ 61. Ke4 fxg6 62. Qe5 Kf7 {And now ...Re6 would win.} 63. Qd5+ Kf8 64. Qd8+ Kg7 65. Qc7+ Kf8 66. Qd8+ Kf7 67. Qc7+ Be7 68. Qc4+ Re6+ 69. Kf3 Bc5 70. Kg4 Ke7 71. Qd5 Kf6 72. Qg5+ Kf7 73. Qd5 Kf6 74. Qg5+ Kg7 75. Qd5 Rd6 76. Qe5+ Kf7 77. Kg5 Re6 78. Qd5 Be3+ 79. Kg4 Bc5 80. Kg5 Ke7 81. Kg4 Be3 82. Kf3 Bc5 83. Kg4 Rd6 (83... Kf6 {looks sharper.}) 84. Qb7+ Kf6 85. Qf3+ Ke5 86. Kg5 Kd4 87. Qb3 Rd5+ 88. Kxg6 Re5 89. Qb2+ Kd5 90. Qb3+ Kd6 91. Kf6 Re3 (91... Bd4 $1 $11 92. Qc4 Rd5+ 93. Kg6 Ke5) 92. Qd1+ $16 Kc7 93. Qd5 Re7 94. Qc6+ Kb8 95. Qd5 {Hoping for Qd8+.} Kc7 $1 96. Qa8 Re3 97. Qc6+ Kb8 98. Qd5 Kc7 99. Qc6+ Kb8 100. Qd5 Kc7 $1 {Accuracy: White = 64%, Black = 77%.} 1/2-1/2

[Event "35th European Club Cup 2019"]
[Site "Ulcinj"]
[Date "2019.11.15"]
[Round "6.24"]
[White "Bartel, Mateusz"]
[Black "Ahmadzada, Ahmad"]
[Result "1/2-1/2"]
[WhiteElo "2636"]
[BlackElo "2406"]
[Annotator "TA"]
[PlyCount "67"]
[EventDate "2019.11.10"]
[EventType "team-tourn"]
[EventCountry "MNE"]
[SourceTitle "playchess.com"]
[Source "ChessBase"]
[SourceQuality "1"]
[WhiteTeam "Novy Bor"]
[BlackTeam "Vugar Gashimov"]

{[%evp 17,67,0,2,0,0,0,9,15,7,9,19,8,13,18,10,14,15,8,5,-15,0,0,0,-21,-2,-13,0,-22,-23,-21,-11,-35,0,-12,0,-44,-58,-60,0,0,0,0,0,0,0,0,30,21,31,0,0,0]} 1. c4 Nf6 2. Nc3 c5 3. Nf3 b6 4. e4 d6 5. g3 Bb7 6. d3 g6 7. Bg2 Bg7 8. O-O O-O 9. Rb1 Nc6 10. a3 {A30: Symmetrical English: Double Fianchetto and Hedgehog} Nd7 (10... e6 11. b4 Rb8 {½-½ (11) Stevic,H (2586)-Saric,I (2691) Bjelovar 2019}) 11. Bg5 Nd4 12. Nxd4 cxd4 13. Nd5 {[#]} f6 $146 ({Predecessor:} 13... Re8) 14. Bd2 e6 15. Nf4 Qe7 16. b4 Qf7 17. h4 Ne5 18. f3 f5 19. Qb3 Rae8 20. Nh3 Kh8 21. Rbe1 Qd7 22. Ng5 h6 23. Nh3 Kh7 24. Nf4 Qf7 25. Bc1 Nd7 26. g4 e5 27. Nd5 Bxd5 (27... Nf6 $15) 28. cxd5 $11 Qe7 {...fxg4 is the strong threat.} 29. g5 f4 30. Kf2 hxg5 31. hxg5 Qxg5 {[#] Threatens to win with ...Qg3+.} 32. Rh1+ Bh6 $1 33. Reg1 {[%mdl 1024] White has compensation.} Qe7 34. Bh3 {Accuracy: White = 56%, Black = 57%.} 1/2-1/2

[Event "35th European Club Cup 2019"]
[Site "Ulcinj"]
[Date "2019.11.15"]
[Round "6.24"]
[White "Magat, Jozef"]
[Black "Takacs, Laszlo"]
[Result "1/2-1/2"]
[WhiteElo "2105"]
[BlackElo "2239"]
[Annotator "NA"]
[PlyCount "136"]
[EventDate "2019.11.10"]
[EventType "team-tourn"]
[EventCountry "MNE"]
[SourceTitle "playchess.com"]
[Source "ChessBase"]
[SourceQuality "1"]
[WhiteTeam "Inbest Dunajov"]
[BlackTeam "Dunajska Streda"]
[TimeControl "40/5400+30:1800+30"]

1. d4 {[%emt 0:00:00]} Nf6 {[%emt 0:00:00]} 2. Bg5 {[%emt 0:00:02]} Ne4 {[%emt 0:00:00]} 3. Bf4 {[%emt 0:00:21]} c5 {[%emt 0:00:18]} 4. Nd2 {[%emt 0:05:31]} Nxd2 {[%emt 0:11:09]} 5. Qxd2 {[%emt 0:01:23]} Qb6 {[%emt 0:13:07]} 6. O-O-O {[%emt 0:08:58]} cxd4 {[%emt 0:00:37]} 7. Bxb8 {[%emt 0:04:34]} Rxb8 {[%emt 0:00:15]} 8. Qxd4 {[%emt 0:00:07]} Qxd4 {[%emt 0:00:34]} 9. Rxd4 {[%emt 0:00:09]} g6 {[%emt 0:00:24]} 10. e3 {[%emt 0:04:07]} Bg7 {[%emt 0:00:11]} 11. Rd2 {[%emt 0:02:27]} O-O {[%emt 0:00:45]} 12. Nf3 {[%emt 0:03:49]} d6 {[%emt 0:08:36]} 13. h4 {[%emt 0:05:44]} Bg4 {[%emt 0:04:41]} 14. Be2 {[%emt 0:03:50]} Rfc8 {[%emt 0:03:42]} 15. Nd4 {[%emt 0:04:54]} Bxe2 {[%emt 0:01:39]} 16. Rxe2 {[%emt 0:06:25]} Rc4 {[%emt 0:04:52]} 17. h5 {[%emt 0:05:15]} Rbc8 {[%emt 0:01:57]} 18. c3 {[%emt 0:04:16]} Bxd4 {[%emt 0:18:30]} 19. exd4 {[%emt 0:00:54]} e6 {[%emt 0:00:15]} 20. hxg6 {[%emt 0:01:14]} hxg6 {[%emt 0:00:07]} 21. Kd2 {[%emt 0:02:38]} b5 {[%emt 0:00:43]} 22. a3 {[%emt 0:02:51]} a5 {[%emt 0:00:08]} 23. Re3 {[%emt 0:01:57]} b4 {[%emt 0:05:31]} 24. axb4 {[%emt 0:01:26]} axb4 {[%emt 0:00:09]} 25. Ra1 {[%emt 0:00:45]} R8c7 {[%emt 0:01:00]} 26. Ra6 {[%emt 0:01:41]} d5 {[%emt 0:00:41]} 27. Rf3 {[%emt 0:05:44]} Kg7 {[%emt 0:01:20]} 28. g3 Rb7 {[%emt 0:10:44]} 29. Ra2 {[%emt 0:05:15]} Kh6 {[%emt 0:06:35]} 30. Rd3 {[%emt 0:09:50]} Kg5 {[%emt 0:00:33]} 31. f3 {[%emt 0:00:30]} bxc3+ {[%emt 0:00:30]} 32. bxc3 {[%emt 0:00:22]} Rc8 {[%emt 0:00:24]} 33. Re3 {[%emt 0:02:19]} Rb1 {[%emt 0:00:32]} 34. Rc2 {[%emt 0:04:36]} Rg1 {[%emt 0:00:50]} 35. Re5+ {[%emt 0:00:12]} Kf6 {[%emt 0:00:07]} 36. g4 {[%emt 0:00:22]} Rh8 {[%emt 0:01:12]} 37. Ke3 {[%emt 0:02:07]} Rh3 {[%emt 0:00:34]} 38. g5+ {[%emt 0:01:21]} Rxg5 {[%emt 0:01:44]} 39. Rxg5 {[%emt 0:00:19]} Kxg5 {[%emt 0:00:06]} 40. c4 dxc4 {[%emt 0:00:00]} 41. Rxc4 {[%emt 0:00:35]} Kf6 {[%emt 0:05:35]} 42. Rc1 {[%emt 0:01:56]} Rh5 {[%emt 0:01:59]} 43. Rc7 {[%emt 0:02:45]} Ra5 {[%emt 0:00:31]} 44. Ke4 {[%emt 0:01:35]} g5 {[%emt 0:01:05]} 45. Rc8 {[%emt 0:05:01]} Kg7 {[%emt 0:04:31]} 46. Rc7 {[%emt 0:00:25]} Kg6 {[%emt 0:00:14]} 47. Rc8 {[%emt 0:02:03]} f5+ {[%emt 0:01:19]} 48. Ke3 {[%emt 0:00:08]} Ra3+ {[%emt 0:00:04]} 49. Kf2 {[%emt 0:00:35]} f4 {[%emt 0:07:09]} 50. Rd8 {[%emt 0:01:38]} Ra2+ {[%emt 0:00:50]} 51. Kf1 {[%emt 0:00:29]} Ra5 {[%emt 0:00:13]} 52. Re8 {[%emt 0:03:41]} Kf7 {[%emt 0:00:48]} 53. Rb8 {[%emt 0:00:54]} Rd5 {[%emt 0:02:29]} 54. Rb4 {[%emt 0:00:24]} Kg6 {[%emt 0:01:41]} 55. Kg2 {[%emt 0:00:42]} Kf5 {[%emt 0:09:27]} 56. Kh3 {[%emt 0:00:51]} g4+ {[%emt 0:01:26]} 57. fxg4+ {[%emt 0:00:15]} Ke4 {[%emt 0:00:05]} 58. Rb6 {[%emt 0:00:41]} Kf3 {[%emt 0:01:38]} 59. Rxe6 {[%emt 0:03:34]} Rxd4 {[%emt 0:00:06]} 60. Re1 {[%emt 0:04:34]} Kf2 {[%emt 0:01:06]} 61. Ra1 {[%emt 0:00:40]} Rd3+ {[%emt 0:00:56]} 62. Kh4 {[%emt 0:00:41]} f3 {[%emt 0:00:26]} 63. g5 {[%emt 0:02:56]} Kg2 64. Kh5 f2 {[%emt 0:00:45]} 65. g6 {[%emt 0:04:01]} Rh3+ {[%emt 0:00:41]} 66. Kg5 {[%emt 0:00:10]} Rg3+ {[%emt 0:00:06]} 67. Kh6 {[%emt 0:00:22]} Kh3 {[%emt 0:00:43]} 68. Rf1 {[%emt 0:00:23]} Kg2 {[%emt 0:00:10]} 1/2-1/2

[Event "35th European Club Cup 2019"]
[Site "Ulcinj"]
[Date "2019.11.15"]
[Round "6.24"]
[White "Bikady, Claude"]
[Black "Goldstern, Filip"]
[Result "1-0"]
[WhiteElo "1912"]
[BlackElo "2279"]
[Annotator "NA"]
[PlyCount "75"]
[EventDate "2019.11.10"]
[EventType "team-tourn"]
[EventCountry "MNE"]
[SourceTitle "playchess.com"]
[Source "ChessBase"]
[SourceQuality "1"]
[WhiteTeam "Echiquier Mosan"]
[BlackTeam "Zurich SG"]
[TimeControl "40/5400+30:1800+30"]

1. d4 {[%emt 0:00:00]} g6 {[%emt 0:00:56]} 2. Nf3 {[%emt 0:00:00]} Bg7 {[%emt 0:00:35]} 3. Nc3 {[%emt 0:00:07]} d6 {[%emt 0:00:55]} 4. e4 {[%emt 0:03:19]} a6 {[%emt 0:00:59]} 5. Be3 {[%emt 0:00:23]} e6 {[%emt 0:00:34]} 6. a4 {[%emt 0:05:28]} b6 {[%emt 0:00:24]} 7. Qd2 {[%emt 0:03:54]} h6 {[%emt 0:01:44]} 8. Bd3 {[%emt 0:06:10]} Bb7 {[%emt 0:03:10]} 9. O-O {[%emt 0:01:38]} Nd7 {[%emt 0:01:32]} 10. d5 {[%emt 0:04:13]} e5 {[%emt 0:00:30]} 11. b4 {[%emt 0:09:44]} a5 {[%emt 0:06:36]} 12. Nb5 {[%emt 0:14:50]} axb4 {[%emt 0:01:54]} 13. Qxb4 {[%emt 0:01:56]} Rb8 {[%emt 0:15:20]} 14. Qc3 {[%emt 0:07:18]} Nc5 {[%emt 0:00:25]} 15. Bxc5 {[%emt 0:00:34]} bxc5 {[%emt 0:00:42]} 16. Na7 {[%emt 0:00:41]} Ne7 {[%emt 0:01:35]} 17. Bb5+ {[%emt 0:01:10]} Kf8 {[%emt 0:00:07]} 18. Rfb1 {[%emt 0:02:49]} f5 {[%emt 0:00:22]} 19. Nc6 {[%emt 0:09:47]} Bxc6 {[%emt 0:26:36]} 20. Bxc6 {[%emt 0:00:11]} fxe4 {[%emt 0:01:47]} 21. Nd2 {[%emt 0:00:02]} Nxc6 {[%emt 0:00:45]} 22. dxc6 {[%emt 0:00:03]} Rxb1+ {[%emt 0:00:25]} 23. Rxb1 {[%emt 0:12:49]} Qe8 {[%emt 0:00:00]} 24. Qc4 {[%emt 0:00:31]} Qxc6 {[%emt 0:00:09]} 25. Rb8+ {[%emt 0:00:04]} Ke7 {[%emt 0:00:32]} 26. Rxh8 {[%emt 0:03:13]} d5 {[%emt 0:00:30]} 27. Qb3 {[%emt 0:00:30]} Bxh8 {[%emt 0:00:16]} 28. a5 {[%emt 0:00:26]} Bf6 {[%emt 0:04:27]} 29. Qa3 {[%emt 0:01:16]} Bg5 30. Nb3 {[%emt 0:01:22]} e3 {[%emt 0:08:56]} 31. Nxc5 {[%emt 0:02:26]} e2 {[%emt 0:01:51]} 32. Nd3+ {[%emt 0:01:35]} Qd6 {[%emt 0:11:56]} 33. Qa1 {[%emt 0:03:36]} e4 {[%emt 0:00:08]} 34. Ne1 {[%emt 0:01:54]} Bd2 {[%emt 0:01:28]} 35. a6 {[%emt 0:00:24]} Qf6 {[%emt 0:06:30]} 36. Qxf6+ {[%emt 0:01:52]} Kxf6 {[%emt 0:00:02]} 37. a7 {[%emt 0:00:03]} Bxe1 {[%emt 0:00:13]} 38. a8=Q {[%emt 0:00:10]} 1-0